Iraq and the Effect of Armed Conflicts on Its Treaties

Elmentve itt :
Bibliográfiai részletek
Szerző: Szalai Anikó
Dokumentumtípus: Könyv része
Megjelent: ELTE Eötvös József Kiadó Budapest 2021
Sorozat:ELTE jogi kari tudomány
A nemzetközi jog, az uniós jog és a nemzetközi kapcsolatok szerepe a 21. században
Tárgyszavak:
mtmt:32175184
Online Access:http://publicatio.bibl.u-szeged.hu/23613
LEADER 00930naa a2200229 i 4500
001 publ23613
005 20241129093030.0
008 241129s2021 hu o 000 eng d
020 |a 9789634893653 
024 7 |a 32175184  |2 mtmt 
040 |a SZTE Publicatio Repozitórium  |b hun 
041 |a eng 
100 1 |a Szalai Anikó 
245 1 0 |a Iraq and the Effect of Armed Conflicts on Its Treaties  |h [elektronikus dokumentum] /  |c  Szalai Anikó 
260 |a ELTE Eötvös József Kiadó  |b Budapest  |c 2021 
300 |a 14 
300 |a 501-514 
490 0 |a ELTE jogi kari tudomány 
490 0 |a A nemzetközi jog, az uniós jog és a nemzetközi kapcsolatok szerepe a 21. században 
650 4 |a Jogtudomány 
856 4 0 |u http://publicatio.bibl.u-szeged.hu/23613/1/Szalai_Valki_80_Iraq.pdf  |z Dokumentum-elérés  
856 4 0 |u http://publicatio.bibl.u-szeged.hu/23613/8/Kajtar-Gabor_Sonnevend-Pal_Valki-Laszlo-tiszteletere.pdf  |z Dokumentum-elérés